Statistics for Words that End in "-oky”

Click here to take the quiz!

General Stats

  • This quiz has been taken 63 times
  • The average score is 3 of 6

Answer Stats

Answer% Correct
Poky
68%
Looky
59%
Spooky
58%
Smoky
46%
Hooky
44%
Kooky
44%

Score Distribution

Percentile by Number Answered

Percent of People with Each Score

Your Score History

You have not taken this quiz